Top 30 jogadores do Corinthians com mais jogos - Statistics

Estatísticas Gerais
  • Esse quiz foi jogado 584 vezes
  • A pontuação média é 7 de 30
Estatísticas das Respostas
Jogos Nome do jogador % Correto
541 Cássio
99%
415 Fagner
80%
602 Ronaldo
76%
433 Marcelinho Carioca
56%
806 Wladimir
45%
474 Rivellino
42%
437 Ralf
37%
598 Zé Maria
37%
590 Biro-Biro
30%
550 Cláudio
29%
359 Danilo
26%
404 Baltazar
18%
606 Luizinho
16%
395 Gilmar
14%
341 Tupãzinho
9%
333 Luís Carlos
8%
451 Roberto
8%
551 Vaguinho
5%
405 Wilson Mano
5%
469 Idário
4%
334 Mauro
3%
507 Olavo
3%
409 Oreco
3%
326 Cabeção
2%
451 Rafael
2%
364 Servílio
2%
336 Eduardo Amorim
1%
367 Tião
1%
312 Walmir
1%
342 Marcelo Dijan
0%
Nenhum quiz correspondente encontrado
Distribuição das Pontuações
Porcentagem de Pessoas com Cada Pontuação
Percentil de Números Respondidos
Sua Pontuação Histórica
Você não jogou esse quiz